00582 2200253 4500001002100000005001500021035002000036245005700056250002000113300002800133260003800161082000800199084001400207020002200221600001300243990000900256990000900265990000900274990000900283990000900292990000900301990000900310990000900319INLIS00000000000180820251027065505 a0010-1025000127 aMelestarikan Seni Tradisional /cNovita Paramitasari aCetakan pertama a88 hlm :bilus ;c25 cm aSidoarjo :bMedia Prestasi,c2017 a700 a700 PAR m a978-602-6317-58-2 4akesenian a5590 a5591 a5964 a5965 a6038 a6039 a6040 a6041